Volodymyr Zelenskyj : muž, který píše dějiny /
Kapitoly sledují průběh politické dráhy současného ukrajinského prezidenta, původně herce Volodymyra Zelenského.
Uloženo v:
| Hlavní autor: | |
|---|---|
| Další autoři: | , , |
| Médium: | E-audiokniha |
| Jazyk: | Czech |
| Vydáno: |
Praha :
Voxi,
[2022]
|
| Témata: | |
| Tagy: |
Žádné tagy |
| LEADER | 05889nim a2201249 i 4500 | ||
|---|---|---|---|
| 001 | 313141 | ||
| 003 | CZ PrSKC | ||
| 005 | 20260601215736.0 | ||
| 007 | sd fungnnmmned | ||
| 008 | 221130t20222022xr nnnnj bz n cze | ||
| 015 | |a cnb003474611 | ||
| 024 | 3 | |a 8594050434776 | |
| 040 | |a ABA001 |b cze |e rda | ||
| 041 | 1 | |d cze |h ukr | |
| 043 | |a e-un--- | ||
| 045 | |a y1y2 | ||
| 072 | 7 | |a 32 |x Politika |2 Konspekt | |
| 072 | 7 | |a 929 |x Biografie |2 Konspekt | |
| 080 | |a 32-051 |2 MRF | ||
| 080 | |a 94(477)"2022-" |2 MRF | ||
| 080 | |a 328/329 |2 MRF | ||
| 080 | |a 323 |2 MRF | ||
| 080 | |a 929 |2 MRF | ||
| 080 | |a (477) |2 MRF | ||
| 080 | |a (092) |2 MRF | ||
| 080 | |a (0:82-96) |2 MRF | ||
| 080 | |a (086.7)08 |2 MRF | ||
| 080 | |a (086.76) |2 MRF | ||
| 100 | 1 | |a Rudenko, Serhìj Valerìjovyč, |d 1970- |7 js2009523717 |4 aut | |
| 240 | 1 | 0 | |a Zelens‘kyj bez hrymu. |l Česky |
| 245 | 1 | 0 | |a Volodymyr Zelenskyj : |b muž, který píše dějiny / |c Serhij Rudenko ; z ukrajinského originálu Zelens‘kyj bez hrymu ... přeložil Petr Ch. Kalina |
| 246 | 3 | 0 | |a Muž, který píše dějiny |
| 264 | 1 | |a Praha : |b Voxi, |c [2022] | |
| 264 | 4 | |c ©2022 | |
| 300 | |a 1 audiodisk (7 hod., 19 min.) ; |c 12 cm | ||
| 306 | |a 071900 | ||
| 336 | |a mluvené slovo |b spw |2 rdacontent | ||
| 337 | |a audio |b s |2 rdamedia | ||
| 338 | |a audiodisk |b sd |2 rdacarrier | ||
| 344 | |a digital |b optical |2 rda | ||
| 347 | |a audio soubor |b MP3 |2 rda | ||
| 500 | |a Název z disku | ||
| 500 | |a Copyright Albatros Media | ||
| 500 | |a Nezkrácená audiokniha ve formátu mp3 | ||
| 508 | |a Režie Martin Šebestík | ||
| 511 | 0 | |a Čte Martin Zahálka | |
| 520 | 2 | |a Kapitoly sledují průběh politické dráhy současného ukrajinského prezidenta, původně herce Volodymyra Zelenského. |b V populárním seriálu ztvárnil roli učitele dějepisu, který se bizarní shodou okolností stal prezidentem Ukrajiny. V reálném životě se jím skutečně stal - a když přišla ruská invaze, dokázal sjednotit vlastní národ i desítky dalších států. Příběh Volodymyra Zelenského působí jako filmový scénář, ale je skutečný. Dokumentární kniha ukrajinského novináře představuje Zelenského život a politický vzestup z mnoha úhlů, vždy však objektivně a bez přehnaných emocí. Nakladatelská anotace. | |
| 600 | 1 | 7 | |a Zelens‘kyj, Volodymyr Oleksandrovyč, |d 1978- |7 xx0272679 |2 czenas |
| 648 | 4 | |a 2019-2022 | |
| 648 | 7 | |a 21. století |7 ch460559 |2 czenas | |
| 650 | 0 | 7 | |a politici |7 ph115781 |z Ukrajina |y 21. století |2 czenas |
| 650 | 0 | 7 | |a prezidenti |7 ph124601 |z Ukrajina |y 21. století |2 czenas |
| 650 | 0 | 7 | |a válka na Ukrajině (2022-) |7 ph1150394 |2 czenas |
| 651 | 7 | |a Ukrajina |7 ge131211 |x politika a vláda |y 21. století |2 czenas | |
| 651 | 7 | |a Ukrajina |7 ge131211 |x společnost a politika |y 21. století |2 czenas | |
| 655 | 7 | |a biografie |7 fd131909 |2 czenas | |
| 655 | 7 | |a literatura faktu |7 fd132773 |2 czenas | |
| 655 | 7 | |a audioknihy |7 fd119452 |2 czenas | |
| 655 | 7 | |a kompaktní disky |7 fd201991 |2 czenas | |
| 700 | 1 | |a Kalina, Petr, |d 1978- |7 xx0088963 |4 trl | |
| 700 | 1 | |a Šebestík, Martin |7 xx0089616 |4 drt | |
| 700 | 1 | |a Zahálka, Martin, |d 1958- |7 xx0001819 |4 nrt | |
| 900 | |a ABA001 |b 19 | ||
| 044 | |a xr | ||
| 505 | 0 | 0 | |t Predmluva (8 min., 8 sek.) |
| 505 | 0 | 0 | |t Desitka Atentatu Ma Prezidenta Zelenskeho (6 min., 43 sek.) |
| 505 | 0 | 0 | |t Pochod Na Prezidenstky Urad (11 min., 59 sek.) |
| 505 | 0 | 0 | |t Kdyz Stadion Tak Stadion (7 min., 58 sek.) |
| 505 | 0 | 0 | |t Zelenskyj A Dvaactyricet Prezidentu (8 min., 33 sek.) |
| 505 | 0 | 0 | |t Devirtualizace Sluzebnika Lidu (8 min., 56 sek.) |
| 505 | 0 | 0 | |t Zbesila Tiskarna Pro Prezidenta (9 min., 7 sek.) |
| 505 | 0 | 0 | |t Trumpuv Impeachment (9 min., 16 sek.) |
| 505 | 0 | 0 | |t Viceprezident Bohdan (20 min., 21 sek.) |
| 505 | 0 | 0 | |t Vesmirny Rok (10 min., 16 sek.) |
| 505 | 0 | 0 | |t Nezamenitelna Julija Mendelova (8 min., 13 sek.) |
| 505 | 0 | 0 | |t Podivat Se Putinovi Do Oci A (19 min., 49 sek.) |
| 505 | 0 | 0 | |t Laik Ma Kolobezce (9 min., 40 sek.) |
| 505 | 0 | 0 | |t Zvonecek Pro Masljakova (16 min., 38 sek.) |
| 505 | 0 | 0 | |t Kmotr Rodnjanskyj (8 min., 43 sek.) |
| 505 | 0 | 0 | |t Skandal V Jurmale (6 min., 49 sek.) |
| 505 | 0 | 0 | |t Rodina Kvartal 95 (11 min., 6 sek.) |
| 505 | 0 | 0 | |t Zkouska Kadyrovem (8 min., 59 sek.) |
| 505 | 0 | 0 | |t Ebonitove Tyce (7 min., 8 sek.) |
| 505 | 0 | 0 | |t Zelenskeho Dubler (16 min., 17 sek.) |
| 505 | 0 | 0 | |t Zelenskeho Ceremonialni Figura (9 min., 27 sek.) |
| 505 | 0 | 0 | |t Zelenskeho Serifova (9 min., 36 sek.) |
| 505 | 0 | 0 | |t Kolomejskeho Nuz (17 min., 23 sek.) |
| 505 | 0 | 0 | |t Porosenko Na Kolenou (27 min., 45 sek.) |
| 505 | 0 | 0 | |t Kolektivni Zelenskyj (9 min., 17 sek.) |
| 505 | 0 | 0 | |t Idol Syvocho (8 min., 21 sek.) |
| 505 | 0 | 0 | |t Detektor Pravdy Pro Sluzebniky Lidu (7 min., 46 sek.) |
| 505 | 0 | 0 | |t Kdo Udelal Ze Zelenskeho Narkomana (10 min., 10 sek.) |
| 505 | 0 | 0 | |t Zelenskyj Vedle Jermaka (23 min., 2 sek.) |
| 505 | 0 | 0 | |t Zelenskeho Dream Team (15 min., 15 sek.) |
| 505 | 0 | 0 | |t Zelenskeho Architekt (15 min., 57 sek.) |
| 505 | 0 | 0 | |t Magicke Cislo 95 (8 min., 14 sek.) |
| 505 | 0 | 0 | |t Ten Ktery Zelenskemu Predpovedel Prezidenstvi (9 min., 47 sek.) |
| 505 | 0 | 0 | |t Gagarin Pro Zelenskeho (5 min., 33 sek.) |
| 505 | 0 | 0 | |t Cerne Zrcadlo Pro Hrdinu (7 min., 27 sek.) |
| 505 | 0 | 0 | |t Zvirobijova Fedyna A Poskozeny (7 min., 21 sek.) |
| 505 | 0 | 0 | |t Vagnergate Pribeh S Mnoha Neznamymi (7 min., 22 sek.) |
| 505 | 0 | 0 | |t Kterak Oligarcha Achmetov Pripravoval Zelenskemu Prevrat (4 min., 48 sek.) |
| 505 | 0 | 0 | |t Masakr V Buci (13 min., 15 sek.) |
| 505 | 0 | 0 | |t Prezident Valky (6 min., 33 sek.) |
| 910 | |a RBIT002 | ||
| 998 | |d 362438 |a https://core.palmknihy.cz/api/books/362438/cover?slciha |b https://core.palmknihy.cz/api/books/362438/cover/400?slciha |c https://core.palmknihy.cz/api/books/362438/cover/50?slciha |e 2029-03-27 |i 8594050434776 |l 26340 |q 49 |r 1 |s https://www.palmknihy.cz/kniha/362438 |t audiobook |y 2022 |z 0 | ||
| 999 | |d 313139 | ||